000 00652nam a2200241Ia 4500
003 OSt
005 20220928121403.0
006 a|||||r|||| 00| 0
007 ta
008 220927b |||||||| |||| 00| 0 eng d
024 _a28990
037 _cTextual
040 _aSDCL
_cSDCL
_beng
041 _2eng
_aeng
082 _aO15,2K26,1, M9
100 _aBhatta Kamalakara
_9451825
245 0 _aRasikavinoda.
260 _aBombay
_bShalaka Prakashan
_c1989
300 _axii,90p
_ccm.
700 _a Deshpande Uma
_9451826
942 _hO15,2K26,1, M9
_cTEXL
_2CC
999 _c765838
_d765838